书目信息 |
| 题名: |
建筑与市政工程无障碍通用规范
|
|
| 作者: | 中华人民共和国住房和城乡建设部主编 ;国家市场监督管理总局批准 | |
| 分册: | ||
| 出版信息: | 北京 中国建筑工业出版社 2022.01 |
|
| 页数: | 7,61页 | |
| 开本: | 20cm | |
| 丛书名: | 中华人民共和国国家标准 | |
| 单 册: | ||
| 中图分类: | U412.37-65 | |
| 科图分类: | ||
| 主题词: | 道路工程 | |
| 电子资源: | ||
| ISBN: | ||
| 000 | 01244nam0 2200277 450 | |
| 001 | 2354603913 | |
| 005 | 20230619160732.31 | |
| 010 | @dCNY28.00 | |
| 091 | @a15112.38183 | |
| 100 | @a20230619d2022 km y0chiy0120 ea | |
| 101 | 0 | @achi |
| 102 | @aCN@b110000 | |
| 200 | 1 | @a建筑与市政工程无障碍通用规范@AJian Zhu Yu Shi Zheng Gong Cheng Wu Zhang Ai Tong Yong Gui Fan@eGB 55019-2021@f中华人民共和国住房和城乡建设部主编,国家市场监督管理总局批准@FZhong Hua Ren Min Gong He Guo Zhu Fang He Cheng Xiang Jian She Bu Zhu Bian,Guo Jia Shi Chang Jian Du Guan Li Zong Ju Pi Zhun |
| 210 | @a北京@c中国建筑工业出版社@d2022.01 | |
| 215 | @a7,61页@d20cm | |
| 225 | 2 | @a中华人民共和国国家标准 |
| 300 | @a本规程2021-09-08发布 ; 2022-04-01实施 | |
| 410 | 0 | @12001 @a中华人民共和国国家标准 |
| 510 | 1 | @a= General code for accessibility of building and municipal engineering projects |
| 517 | 1 | @aGB 55019-2021 |
| 606 | 0 | @a道路工程 |
| 690 | @aU412.37-65@v4 | |
| 701 | 0 | @a中华人民共和国住房和城乡建设部主编@AZhong Hua Ren Min Gong He Guo Zhu Fang He Cheng Xiang Jian She Bu Zhu Bian |
| 711 | 02 | @a国家市场监督管理总局批准@AGuo Jia Shi Chang Jian Du Guan Li Zong Ju Pi Zhun |
| 801 | 0 | @aCN@b河南城建学院图书馆@c20230619 |
| 905 | @dU412.37-65@eZ6611 | |
| 建筑与市政工程无障碍通用规范:GB 55019-2021/中华人民共和国住房和城乡建设部主编,国家市场监督管理总局批准.-北京:中国建筑工业出版社,2022.01 |
| 7,61页;20cm.-(中华人民共和国国家标准) |
| 本规程2021-09-08发布 ; 2022-04-01实施 |
| ISBN :CNY28.00 |
| ● |
| 相关链接 |
|
|
|
正题名:建筑与市政工程无障碍通用规范
索取号:U412.37-65/Z6611
 
预约/预借
| 序号 | 登录号 | 条形码 | 馆藏地/架位号 | 状态 | 备注 |
| 1 | 1506203 | 215062036 | 土木与交通工程学院资料室/ [索取号:U412.37-65/Z6611] | 在馆 | |
| 2 | 1506204 | 215062045 | 土木与交通工程学院资料室/ [索取号:U412.37-65/Z6611] | 在馆 | |
| 3 | 1506205 | 215062054 | 土木与交通工程学院资料室/ [索取号:U412.37-65/Z6611] | 在馆 |